La teoría crítica del derecho /

Bibliographic Details
Main Author: Stammler, Rudolf, 1856-1938 (Author)
Other Authors: Agurto Gonzáles, Carlos Antonio (Editor), Quequejana Mamani, Sonia Lidia (Editor), Choque Cuenca, Benigno (Editor), Bremer Barrera, Juan José (Translator)
Format: Electronic eBook
Language:Spanish
German
Published: Santiago, Chile : Ediciones Olejnik, [2023]
Series:Biblioteca de filosofía del derecho.
Subjects:
Online Access:Digitalia Hispánica

MARC

LEADER 00000nam a2200000Ii 4500
001 DIGOLEJNK1337
003 NyNyDIG
006 m o d
007 cr |||||||||||
008 260106s2023 cl ob 000 0 spa d
035 |a (OCoLC)1434146508 
040 |a DGITA  |b eng  |e rda  |e pn  |c DGITA 
020 |z 9789564074184 
041 1 |a spa  |h ger 
050 1 4 |a K230.S736 ebook 
100 1 |a Stammler, Rudolf,  |d 1856-1938,  |e author. 
245 1 3 |a La teoría crítica del derecho /  |c Rudolf Stammler ; edición al cuidado de Carlos Antonio Agurto Gonzáles, Sonia Lidia Quequejana Mamani, Benigno Choque Cuenca ; traducción de Juan José Bremer Barrera. 
264 1 |a Santiago, Chile :  |b Ediciones Olejnik,  |c [2023] 
300 |a 1 online resource. 
336 |a text  |b txt  |2 rdacontent 
337 |a computer  |b c  |2 rdamedia 
338 |a online resource  |b cr  |2 rdacarrier 
347 |a text file  |2 rdaft 
347 |b PDF 
490 1 |a Biblioteca de filosofía del derecho 
588 0 |a Online resource; title from PDF title page (Digitalia, viewed January 6, 2026) 
650 0 |a Law  |x Philosophy.  
700 1 |a Agurto Gonzáles, Carlos Antonio,  |e editor. 
700 1 |a Quequejana Mamani, Sonia Lidia,  |e editor. 
700 1 |a Choque Cuenca, Benigno,  |e editor. 
700 1 |a Bremer Barrera, Juan José,  |e translator. 
791 2 |a Digitalia (Firm),  |e distributor. 
793 0 |g Digitalia eBook Collection:  |a Ediciones Olejnik 
776 0 8 |i Print version:  |a Stammler, Rudolf, 1856-1938.  |t Teoría crítica del derecho.  |b Primera edición en Ediciones Olejnik.  |d Santiago, Chile : Ediciones Olejnik, 2023  |z 9789564074184 
830 0 |a Biblioteca de filosofía del derecho. 
856 4 0 |3 Digitalia Hispánica  |u https://www.digitaliapublishing.com/a/157846/ 
910 |a Premium collection: 2026